00573 2200217 4500001002100000005001500021035002000036007000300056008004100059020001800100082001000118084001600128100001500144245005700159250001100216260004800227300003400275650001600309990001500325990001500340INLIS00000000000022520170914101742 a0010-0917000211ta170914 f 0  a979-3311-15-0 a297.9 a297.9 SYA s0 aSyalabi, A1 aSejarah & Kebudayaan Islam 2 /cProf. Dr. A. Syalabi aCet. 1 aJakarta :bPT. Pustaka Al Husna Baru,c2003 axx; 327 hlm ;c15.5 x 23.5 cm aAgama Islam a1071 971 A a1071 971 B